[Event "Gibraltar Masters"]
[Site "Caleta ENG"]
[Date "2011.01.25"]
[Round "1.3"]
[White "Nezad, Husein Aziz"]
[Black "Caruana, Fabiano"]
[Result "0-1"]
[WhiteTitle "IM"]
[BlackTitle "GM"]
[WhiteElo "2420"]
[BlackElo "2721"]
[WhiteFideId "12100293"]
[BlackFideId "2020009"]
[EventDate "2011.01.25"]

1. d4 Nf6 2. c4 Nc6 3. Nf3 e6 4. Nc3 Bb4 5. Qc2 d6 6. Bd2 a5 7. a3 Bxc3 8. Bxc3
Qe7 9. g3 O-O 10. Bg2 a4 11. O-O Bd7 12. e4 e5 13. d5 Nb8 14. Nh4 Na6 15. Rae1
Rae8 16. Qd1 b5 17. f4 bxc4 18. fxe5 dxe5 19. Nf5 Qc5+ 20. Kh1 Qb6 21. Qe2 Nc5
22. Ne3 Bb5 23. Nf5 Bd7 24. Ne3 Bb5 25. Nf5 Nd3 26. Qd2 Ng4 27. Bf3 Ngf2+ 28.
Kg2 Nxe1+ 29. Rxe1 Nd3 30. Rf1 Bd7 31. Ne3 Qh6 32. h4 f5 33. exf5 Bxf5 34. Qe2
Nf4+ 35. gxf4 exf4 36. Qxc4 fxe3 37. Rg1 e2 38. Kh2 Re4 0-1

[Event "Gibraltar Masters"]
[Site "Caleta ENG"]
[Date "2011.01.25"]
[Round "1.4"]
[White "Vallejo Pons, Francisco"]
[Black "Melia, Salome"]
[Result "1-0"]
[WhiteTitle "GM"]
[BlackTitle "IM"]
[WhiteElo "2698"]
[BlackElo "2449"]
[WhiteFideId "2205530"]
[BlackFideId "13602446"]
[EventDate "2011.01.25"]

1. e4 c5 2. Nf3 d6 3. d4 cxd4 4. Nxd4 Nf6 5. Nc3 Nc6 6. Bg5 e6 7. Qd2 Qb6 8. Nb3
Be7 9. Bxf6 gxf6 10. a4 a6 11. a5 Qc7 12. Na4 Bd7 13. Nb6 Rd8 14. Be2 O-O 15.
O-O Be8 16. Qc3 Qb8 17. f4 Kh8 18. Kh1 Rg8 19. Rad1 Rg7 20. Bc4 Qc7 21. Be2 Qb8
22. Qd2 Na7 23. Bf3 Qc7 24. Qf2 Nc6 25. Rfe1 Na7 26. Rf1 Nc6 27. Rfe1 Nb8 28.
Nd4 Nc6 29. Qd2 Nxd4 30. Qxd4 Bc6 31. c4 Rdg8 32. Re2 Qd8 33. b4 Qf8 34. Qb2 Qe8
35. Nd5 Bxd5 36. exd5 e5 37. c5 Qb5 38. c6 Rc8 39. Rc2 bxc6 40. dxc6 d5 41. Be2
Qxb4 42. Qxb4 Bxb4 43. Rxd5 Rc7 44. Bxa6 exf4 45. Bb7 Rg8 46. a6 Re8 47. Rc1
Rce7 48. Rf1 1-0

[Event "Gibraltar Masters"]
[Site "Caleta ENG"]
[Date "2011.01.25"]
[Round "1.5"]
[White "Vernay, Clovis"]
[Black "Bologan, Viktor"]
[Result "0-1"]
[WhiteTitle "IM"]
[BlackTitle "GM"]
[WhiteElo "2446"]
[BlackElo "2693"]
[WhiteFideId "633046"]
[BlackFideId "13900048"]
[EventDate "2011.01.25"]

1. d4 Nf6 2. c4 c5 3. d5 b5 4. cxb5 a6 5. bxa6 g6 6. Nc3 Bxa6 7. Nf3 d6 8. g3
Bg7 9. Bg2 Nbd7 10. O-O O-O 11. Re1 Qa5 12. Bd2 Rfb8 13. Rb1 Ne8 14. Qc2 Nc7 15.
a4 Qb6 16. Bg5 f6 17. Bf4 Qb3 18. Qe4 Ne5 19. Bxe5 fxe5 20. Qh4 Re8 21. Ng5 h6
22. Ne6 Nxe6 23. dxe6 Bb7 24. Bxb7 Qxb7 25. e4 Rf8 26. b3 Kh7 27. Nd5 Ra7 28.
Kg2 c4 29. bxc4 Qc8 30. Qg4 h5 31. Qh3 Qxc4 32. g4 Qc2 33. Qe3 Rxa4 34. gxh5
gxh5 35. Qe2 Ra2 36. Qxc2 Rxc2 37. Rf1 Bf6 38. Rb7 Rg8+ 39. Kf3 Bg5 40. Rd7 Rf8+
41. Kg3 h4+ 42. Kg2 Re8 43. Kh3 Kh6 44. Kg4 Rd2 45. Rb7 Rd3 46. f3 Rd2 47. Kh3
Kh5 48. Rb3 Rf8 49. Rb7 Ra8 50. Nxe7 Bf4 0-1

[Event "Gibraltar Masters"]
[Site "Caleta ENG"]
[Date "2011.01.25"]
[Round "1.6"]
[White "Onischuk, Alexander"]
[Black "Gaponenko, Inna"]
[Result "1-0"]
[WhiteTitle "GM"]
[BlackTitle "IM"]
[WhiteElo "2689"]
[BlackElo "2466"]
[WhiteFideId "14101025"]
[BlackFideId "14101181"]
[EventDate "2011.01.25"]

1. d4 Nf6 2. c4 e6 3. Nf3 d5 4. Nc3 Bb4 5. Bg5 Nbd7 6. cxd5 exd5 7. e3 c5 8. Be2
Qa5 9. O-O Bxc3 10. bxc3 c4 11. Nd2 Qxc3 12. e4 h6 13. Be3 O-O 14. e5 Ne8 15.
Rc1 Qa3 16. Nb1 Qe7 17. Nc3 Nc7 18. Rb1 Rb8 19. f4 b5 20. f5 b4 21. Na4 Nb5 22.
Bf4 Nb6 23. f6 Qe8 24. fxg7 Kxg7 25. Bxh6+ Kxh6 26. Qd2+ Kh7 27. Rf6 Bf5 28.
Qh6+ Kg8 29. Rxf5 f6 30. exf6 1-0

[Event "Gibraltar Masters"]
[Site "Caleta ENG"]
[Date "2011.01.25"]
[Round "1.7"]
[White "Fernandez Romero, Ernesto"]
[Black "Nisipeanu, Liviu-Dieter"]
[Result "0-1"]
[WhiteTitle "IM"]
[BlackTitle "GM"]
[WhiteElo "2453"]
[BlackElo "2678"]
[WhiteFideId "2214679"]
[BlackFideId "1202758"]
[EventDate "2011.01.25"]

1. e4 c5 2. Nf3 e6 3. b3 a6 4. Bb2 Nc6 5. g3 d5 6. e5 Nge7 7. Bg2 b5 8. O-O Bb7
9. d3 Nf5 10. c4 dxc4 11. dxc4 Qb6 12. Nbd2 Rd8 13. Qe2 Be7 14. Rfd1 O-O 15.
cxb5 axb5 16. Bf1 Ncd4 17. Nxd4 Nxd4 18. Bxd4 Rxd4 19. Bg2 Ba6 20. Nf3 Rxd1+ 21.
Rxd1 c4 22. Nd4 Rc8 23. Be4 Bc5 24. Nf3 h6 25. Rd7 Rd8 26. Rxd8+ Qxd8 27. g4 Be7
28. Kg2 g6 29. Qc2 Kg7 30. Kg3 Qc7 31. h4 f5 32. gxf5 gxf5 33. Ba8 c3 34. Kh3
Qc8 35. Nd4 Qxa8 0-1

[Event "Gibraltar Masters"]
[Site "Caleta ENG"]
[Date "2011.01.25"]
[Round "1.8"]
[White "Georgiev, Kiril"]
[Black "Zhukova, Natalia"]
[Result "1-0"]
[WhiteTitle "GM"]
[BlackTitle "GM"]
[WhiteElo "2669"]
[BlackElo "2441"]
[WhiteFideId "2900017"]
[BlackFideId "14101513"]
[EventDate "2011.01.25"]

1. c4 e6 2. d4 Nf6 3. Nc3 Bb4 4. Qc2 O-O 5. a3 Bxc3+ 6. Qxc3 d5 7. Nf3 dxc4 8.
Qxc4 b6 9. Bf4 Nd5 10. Bg3 f5 11. e3 Bb7 12. Be2 Nd7 13. O-O Rc8 14. Rac1 Qe8
15. Qa4 a6 16. Ne5 b5 17. Qb3 f4 18. Bxf4 Nxf4 19. exf4 Rxf4 20. Bf3 Bxf3 21.
Nxf3 c5 22. Qe3 Rf5 23. dxc5 Rfxc5 24. Rxc5 Rxc5 25. Rd1 h6 26. Rd6 e5 27. g3
Rc4 28. Rxa6 Nc5 29. Nxe5 Re4 30. Qxc5 Rxe5 31. Qc6 Re1+ 32. Kg2 Qe2 33. Qc8+
Kf7 34. Qf5+ Ke7 35. Ra7+ Kd6 36. Rd7+ 1-0

[Event "Gibraltar Masters"]
[Site "Caleta ENG"]
[Date "2011.01.25"]
[Round "1.9"]
[White "Sarkar, Justin"]
[Black "Harikrishna, P."]
[Result "1/2-1/2"]
[WhiteTitle "IM"]
[BlackTitle "GM"]
[WhiteElo "2418"]
[BlackElo "2667"]
[WhiteFideId "2010011"]
[BlackFideId "5007003"]
[EventDate "2011.01.25"]

1. d4 Nf6 2. c4 e6 3. Nc3 Bb4 4. Qc2 O-O 5. a3 Bxc3+ 6. Qxc3 d6 7. g3 Nc6 8. Bg2
e5 9. dxe5 dxe5 10. Nf3 Re8 11. Be3 a5 12. O-O a4 13. Rad1 Qe7 14. Qc2 h6 15.
Nd2 Be6 16. Bxc6 bxc6 17. Ne4 Bf5 18. Nxf6+ Qxf6 19. Qc3 Bh3 20. Rfe1 Reb8 21.
Bc5 Rb3 22. Qc2 Qe6 23. Rd3 Qg6 24. e4 Rab8 25. Bb4 Rxd3 26. Qxd3 Qf6 27. Qe2
Rd8 28. Rd1 Be6 29. Rxd8+ Qxd8 30. Qd2 Qa8 31. Bc3 f6 32. c5 Qa6 33. Kg2 Qc4 34.
Qe3 Kh7 35. h4 Bc8 36. f3 Ba6 37. Qf2 Qd3 38. h5 Qd1 39. Qe1 Qb3 40. g4 Qb5 41.
Qf2 Bc8 42. Qe3 Be6 43. Kf2 Kg8 44. Bb4 Qc4 45. Qc3 Qa2 46. Qc1 Qb3 47. Qc3 Qd1
48. Qd2 Qh1 49. Kg3 Bc4 50. Qe1 Bf1 51. Kf2 Qg2+ 52. Ke3 Bc4 53. Qf2 Qh1 54. Qe1
Qh2 55. Qd2 Qg3 56. Bc3 Kh7 57. Qe1 Qf4+ 58. Kf2 Qh2+ 59. Ke3 Bb5 60. Qd2 Qg1+
61. Qf2 Qc1+ 62. Qd2 Qf1 63. Qe1 Qc4 64. Kf2 Qxc5+ 65. Qe3 Qc4 66. Kg3 c5 67.
Qd2 Qf1 68. Qe1 Qd3 69. Qd2 Qb1 70. Qe1 Qa2 71. Qd1 Qe6 72. Ba5 Qa6 73. Bxc7 Bd3
74. Qd2 Qb5 75. Ba5 Qd7 76. Bc3 c4 77. Qe3 Bc2 78. Qc5 Bd3 79. Qd5 Qe7 80. Qc6
Qa7 81. Kg2 Qe3 82. Qd7 Qe2+ 83. Kg3 Qf1 84. Qf5+ Kh8 85. Qc8+ Kh7 86. Qf5+ Kh8
87. Qc8+ 1/2-1/2

[Event "Gibraltar Masters"]
[Site "Caleta ENG"]
[Date "2011.01.25"]
[Round "1.10"]
[White "Short, Nigel D"]
[Black "Slavin, Alexei"]
[Result "1-0"]
[WhiteTitle "GM"]
[BlackTitle "IM"]
[WhiteElo "2658"]
[BlackElo "2417"]
[WhiteFideId "400025"]
[BlackFideId "24104388"]
[EventDate "2011.01.25"]

1. d4 Nf6 2. Nf3 e6 3. c4 d5 4. g3 Bb4+ 5. Bd2 a5 6. Qc2 O-O 7. Bg2 dxc4 8. Qxc4
Qd5 9. Qxc7 Nc6 10. Nc3 Qc4 11. Qb6 Rd8 12. e3 Nd5 13. Qb5 Qxb5 14. Nxb5 e5 15.
Bxb4 Ndxb4 16. O-O Bf5 17. Rfd1 Bc2 18. Rd2 Be4 19. a3 Nc2 20. Rc1 exd4 21. exd4
Bxf3 22. Rcxc2 Bxg2 23. Kxg2 a4 24. d5 Ne7 25. d6 Nc6 26. Rc4 Ne5 27. Rc7 b6 28.
Na7 Kf8 29. d7 Ke7 30. Nc8+ Kf8 31. Nxb6 Ra6 32. Rc8 Ke7 33. Nd5+ 1-0

[Event "Gibraltar Masters"]
[Site "Caleta ENG"]
[Date "2011.01.25"]
[Round "1.11"]
[White "Stokke, Kjetil"]
[Black "Fridman, Daniel"]
[Result "0-1"]
[WhiteTitle "FM"]
[BlackTitle "GM"]
[WhiteElo "2413"]
[BlackElo "2655"]
[WhiteFideId "1502964"]
[BlackFideId "11600454"]
[EventDate "2011.01.25"]

1. Nf3 Nf6 2. c4 e6 3. g3 d5 4. Bg2 dxc4 5. Na3 Bxa3 6. bxa3 Nc6 7. Qc2 Qd5 8.
O-O e5 9. Bb2 e4 10. Ne1 Nd4 11. Qd1 Bg4 12. Bxd4 Qxd4 13. Nc2 Qc5 14. Ne3 Be6
15. Rb1 b6 16. Qc2 Rd8 17. Qa4+ Rd7 18. d3 O-O 19. dxe4 c6 20. Rfd1 a5 21. e5
Rxd1+ 22. Rxd1 Nd5 23. Bxd5 cxd5 24. Nc2 Rd8 25. Nd4 Bd7 26. Qc2 Qxa3 27. Qd2 c3
28. Qe3 Rc8 29. Rc1 h6 30. Rc2 Ba4 31. e6 Bxc2 32. exf7+ Kf8 33. Qe6 Qc5 34.
Nxc2 Qc6 35. Qf5 Rc7 36. Nd4 c2 0-1

[Event "Gibraltar Masters"]
[Site "Caleta ENG"]
[Date "2011.01.25"]
[Round "1.12"]
[White "Roiz, Michael"]
[Black "Boskovic, Drasko"]
[Result "1-0"]
[WhiteTitle "GM"]
[BlackTitle "IM"]
[WhiteElo "2649"]
[BlackElo "2418"]
[WhiteFideId "2804158"]
[BlackFideId "927368"]
[EventDate "2011.01.25"]

1. Nf3 c5 2. c4 g6 3. d4 cxd4 4. Nxd4 Nc6 5. e4 Nf6 6. Nc3 Nxd4 7. Qxd4 d6 8.
Be3 Bg7 9. Qd2 O-O 10. Be2 a5 11. O-O a4 12. Rad1 Qa5 13. Bd4 Be6 14. f4 Qb4 15.
a3 Qa5 16. f5 Bd7 17. c5 Bc6 18. cxd6 exd6 19. Qf4 Rad8 20. Qh4 Nd7 21. f6 Bh8
22. Rf3 Rfe8 23. Bc4 Ne5 24. Rh3 h5 25. Be2 Nd7 26. Rf1 Re5 27. Kh1 Rde8 28.
Bxe5 Qxe5 29. Rhf3 Re6 30. Bc4 Rxf6 31. Qg3 Qxg3 32. hxg3 Kf8 33. Bb5 Bxb5 34.
Nxb5 Ke7 35. Nc3 Rxf3 36. gxf3 Nc5 37. Rd1 Ke6 38. Kg2 Be5 39. Kf2 g5 40. Nb5 g4
41. f4 Bxb2 42. Ke3 Ke7 43. Rb1 Bf6 44. Rh1 Bb2 45. Rxh5 Kd7 46. Rh1 Nb3 47. Rb1
Bg7 48. Rd1 Kc6 49. Nxd6 b5 50. e5 b4 51. axb4 a3 52. Nc4 1-0

[Event "Gibraltar Masters"]
[Site "Caleta ENG"]
[Date "2011.01.25"]
[Round "1.13"]
[White "Andersen, Mads"]
[Black "Sandipan, Chanda"]
[Result "0-1"]
[WhiteTitle "FM"]
[BlackTitle "GM"]
[WhiteElo "2410"]
[BlackElo "2641"]
[WhiteFideId "1413864"]
[BlackFideId "5004225"]
[EventDate "2011.01.25"]

1. d4 d5 2. c4 c6 3. Nf3 Nf6 4. e3 Bg4 5. Qb3 Qb6 6. Nc3 e6 7. Nh4 Bh5 8. h3 g5
9. Nf3 h6 10. Ne5 Nfd7 11. Nxd7 Nxd7 12. Bd3 Rg8 13. Qxb6 axb6 14. cxd5 exd5 15.
Bd2 b5 16. O-O Bg6 17. Bxg6 Rxg6 18. Ne2 Bd6 19. Nc1 Ke7 20. Nd3 f5 21. Bb4 Bxb4
22. Nxb4 h5 23. Nd3 h4 24. f3 Re6 25. Kf2 Kd6 26. Rfe1 b6 27. a3 c5 28. Rad1 c4
29. Nb4 Nf6 30. Na2 Rae8 31. Nc3 Kc6 32. Re2 R6e7 33. Rde1 Nh5 34. e4 dxe4 35.
fxe4 Nf4 36. e5 Rd8 37. Rd2 Nd3+ 38. Rxd3 cxd3 39. Ke3 Red7 40. e6 Rxd4 41. e7
f4+ 42. Kd2 Re8 43. Re6+ Rd6 44. Re5 Rd7 45. Rxg5 Rexe7 46. Rg6+ Kb7 47. Rg4 Rg7
48. Ne4 Rxg4 49. hxg4 f3 50. gxf3 h3 51. Nf2 h2 52. f4 Rd4 0-1

[Event "Gibraltar Masters"]
[Site "Caleta ENG"]
[Date "2011.01.25"]
[Round "1.14"]
[White "Edouard, Romain"]
[Black "Wohl, Aleksandar H."]
[Result "1-0"]
[WhiteTitle "GM"]
[BlackTitle "IM"]
[WhiteElo "2634"]
[BlackElo "2409"]
[WhiteFideId "633429"]
[BlackFideId "3200345"]
[EventDate "2011.01.25"]

1. e4 e5 2. Nf3 Nc6 3. Bb5 Nge7 4. Nc3 d6 5. d4 a6 6. Bc4 exd4 7. Nxd4 Nxd4 8.
Qxd4 Nc6 9. Qe3 Be7 10. Bd2 O-O 11. O-O-O Be6 12. Nd5 b5 13. Be2 Bxd5 14. exd5
Ne5 15. f4 Nd7 16. g4 Nb6 17. Qe4 Re8 18. Bd3 g6 19. h4 Bf6 20. Qf3 Na4 21. b3
Bb2+ 22. Kb1 Qf6 23. bxa4 bxa4 24. c3 Bxc3 25. Kc2 Bxd2 26. Rxd2 Rab8 27. Rc1
Qd4 28. Kd1 Rb2 29. Rxb2 Qxb2 30. f5 Qxa2 31. fxg6 hxg6 32. h5 Qb3+ 33. Kd2 Qb2+
34. Rc2 Qe5 35. Rxc7 Qb2+ 36. Rc2 Qb4+ 37. Rc3 Rc8 38. Bc2 Qd4+ 39. Rd3 Qc4 40.
Bd1 Re8 41. hxg6 Qb4+ 42. Rc3 Qd4+ 43. Qd3 Qf4+ 44. Kc2 Qf2+ 45. Qd2 1-0

[Event "Gibraltar Masters"]
[Site "Caleta ENG"]
[Date "2011.01.25"]
[Round "1.16"]
[White "Berg, Emanuel"]
[Black "Thomassen, Joachim"]
[Result "1-0"]
[WhiteTitle "GM"]
[BlackTitle "IM"]
[WhiteElo "2627"]
[BlackElo "2404"]
[WhiteFideId "1704060"]
[BlackFideId "1504991"]
[EventDate "2011.01.25"]

1. e4 e5 2. Nf3 Nc6 3. Bb5 a6 4. Ba4 Nf6 5. O-O Be7 6. Re1 b5 7. Bb3 O-O 8. c3
d6 9. h3 Nb8 10. d3 Nbd7 11. Nbd2 Bb7 12. Nf1 Re8 13. Ng3 Nc5 14. Bc2 Bf8 15. b4
Ne6 16. a4 c5 17. bxc5 Nxc5 18. axb5 axb5 19. Bg5 Ncd7 20. Nh5 Qc7 21. Nxf6+
Nxf6 22. Bxf6 gxf6 23. Bb3 Qxc3 24. Rc1 Qb4 25. Nh4 d5 26. Nf5 Rec8 27. Rb1 Qc3
28. Re3 Kh8 29. Rg3 Ba3 30. Nh6 1-0

[Event "Gibraltar Masters"]
[Site "Caleta ENG"]
[Date "2011.01.25"]
[Round "1.18"]
[White "Kotronias, Vasilios"]
[Black "Bellin, Robert"]
[Result "1-0"]
[WhiteTitle "GM"]
[BlackTitle "IM"]
[WhiteElo "2599"]
[BlackElo "2367"]
[WhiteFideId "5900212"]
[BlackFideId "400343"]
[EventDate "2011.01.25"]

1. e4 e5 2. Nf3 Nc6 3. d4 exd4 4. Nxd4 Bb4+ 5. c3 Be7 6. Nxc6 bxc6 7. Bd3 d6 8.
O-O Nf6 9. Qa4 Bd7 10. Qc2 O-O 11. Nd2 Re8 12. f4 Bf8 13. Nf3 h6 14. Bd2 Qb8 15.
Rae1 Qb6+ 16. Kh1 Rab8 17. Bc1 Bg4 18. Nd2 Be6 19. b3 Re7 20. e5 dxe5 21. fxe5
Nd7 22. Nc4 Qb7 23. Qf2 c5 24. Qg3 Kh8 25. Re4 Rbe8 26. Nd6 1-0

[Event "Gibraltar Masters"]
[Site "Caleta ENG"]
[Date "2011.01.25"]
[Round "1.19"]
[White "Cummings, David H."]
[Black "Gopal G.N."]
[Result "0-1"]
[WhiteTitle "IM"]
[BlackTitle "GM"]
[WhiteElo "2366"]
[BlackElo "2597"]
[WhiteFideId "2603578"]
[BlackFideId "5015693"]
[EventDate "2011.01.25"]

1. c4 Nf6 2. g3 c6 3. Nf3 g6 4. Bg2 Bg7 5. d4 d5 6. cxd5 cxd5 7. Ne5 e6 8. O-O
Nfd7 9. f4 Nc6 10. Nc3 O-O 11. Be3 Nb6 12. Bf2 Ne7 13. a4 a5 14. Qb3 Bd7 15. Nb5
Bc6 16. g4 Nbc8 17. Rfc1 Nd6 18. Nxd6 Qxd6 19. Bg3 Qd8 20. e3 Rb8 21. Rc3 Be8
22. Rac1 b5 23. axb5 Bxb5 24. Qa3 Rb7 25. Be1 g5 26. Rc5 gxf4 27. Bxa5 Qa8 28.
exf4 Ng6 29. Bd2 Qb8 30. Kh1 Nh4 31. Qg3 Nxg2 32. Kxg2 f6 33. Nf3 Bd3 34. b4 Be4
35. Kg1 Ra7 36. Bc3 Bh6 37. g5 Rg7 38. Nd2 fxg5 39. f5 Bxf5 40. b5 g4 41. Qxb8
Rxb8 42. Ba5 Rgb7 43. Rc8+ Kf7 44. b6 Rxc8 45. Rxc8 Bxd2 46. Rc7+ Rxc7 47. bxc7
Be3+ 0-1

[Event "Gibraltar Masters"]
[Site "Caleta ENG"]
[Date "2011.01.25"]
[Round "1.20"]
[White "Erdos, Viktor"]
[Black "Jones, Richard S."]
[Result "1-0"]
[WhiteTitle "GM"]
[BlackTitle "FM"]
[WhiteElo "2593"]
[BlackElo "2361"]
[WhiteFideId "719978"]
[BlackFideId "1800833"]
[EventDate "2011.01.25"]

1. d4 Nf6 2. c4 g6 3. Nc3 Bg7 4. e4 O-O 5. Bd3 Nc6 6. Nge2 e5 7. d5 Nd4 8. Nxd4
exd4 9. Ne2 Re8 10. f3 c5 11. O-O d6 12. Bg5 Qc7 13. Ng3 Nd7 14. f4 h6 15. Bh4
b5 16. b3 bxc4 17. bxc4 Rb8 18. Rf2 Qa5 19. Qf1 Rb6 20. h3 Ba6 21. Re1 Qa4 22.
Rc2 Rb4 23. Rec1 Qa3 24. Nh1 Reb8 25. Be7 Bf8 26. Bxf8 Kxf8 27. Nf2 Kg7 28. Re1
Re8 29. Qe2 Qa4 30. Rec1 Qa3 31. Kh2 Qa5 32. Qf3 Qc7 33. Qg3 Qb8 34. Rf1 Nb6 35.
f5 Bxc4 36. Ng4 Bxd3 37. Qh4 Rh8 38. Qf6+ Kg8 39. fxg6 Qf8 40. gxf7+ Kh7 41.
Qf5+ Kg7 42. Ne5 dxe5 43. Qg4+ Kh7 44. Rf6 Rg8 45. fxg8=Q+ Qxg8 46. Qf5+ 1-0

[Event "Gibraltar Masters"]
[Site "Caleta ENG"]
[Date "2011.01.25"]
[Round "1.22"]
[White "Felgaer, Ruben"]
[Black "Peek, Marcel"]
[Result "1-0"]
[WhiteTitle "GM"]
[BlackTitle "IM"]
[WhiteElo "2585"]
[BlackElo "2342"]
[WhiteFideId "107069"]
[BlackFideId "1000462"]
[EventDate "2011.01.25"]

1. e4 c5 2. Nf3 d6 3. d4 cxd4 4. Nxd4 Nf6 5. Nc3 Nc6 6. g3 Nxd4 7. Qxd4 g6 8. e5
dxe5 9. Qxe5 Bg7 10. Bg2 O-O 11. O-O Bf5 12. Qe2 e6 13. Bxb7 Rb8 14. Bf3 Nd5 15.
Nd1 Qc8 16. c3 Bh3 17. Re1 Rd8 18. Bg5 f6 19. Bd2 e5 20. c4 Ne7 21. Bc3 Be6 22.
b3 h5 23. Ne3 Bh6 24. Rad1 Qc7 25. Rxd8+ Rxd8 26. Rd1 Rxd1+ 27. Qxd1 Bxe3 28.
fxe3 Kg7 29. Qd2 Qc8 30. Kf2 Bg4 31. Be4 Bf5 32. Qd6 Bxe4 33. Qxe7+ Kg8 34. Qxf6
Qh3 35. Bxe5 Qxh2+ 36. Ke1 Qg1+ 37. Kd2 Qg2+ 38. Kc3 Qc2+ 39. Kb4 Qd2+ 40. Bc3
Qd7 41. Bd4 Qb7+ 42. Kc3 1-0

[Event "Gibraltar Masters"]
[Site "Caleta ENG"]
[Date "2011.01.25"]
[Round "1.23"]
[White "Kantans, Toms"]
[Black "Ikonnikov, Vyacheslav"]
[Result "1/2-1/2"]
[WhiteTitle "FM"]
[BlackTitle "GM"]
[WhiteElo "2342"]
[BlackElo "2580"]
[WhiteFideId "11602945"]
[BlackFideId "4100972"]
[EventDate "2011.01.25"]

1. e4 c5 2. c3 Nf6 3. e5 Nd5 4. Bc4 Nb6 5. Bb3 c4 6. Bc2 Nc6 7. Nf3 g6 8. O-O
Bg7 9. Qe2 d6 10. exd6 Qxd6 11. Na3 Qe6 12. Be4 f5 13. Bxc6+ bxc6 14. Qd1 Qd6
15. Re1 O-O 16. Qe2 Ba6 17. b3 e5 18. Nxe5 Bxe5 19. Qxe5 Qxe5 20. Rxe5 Rfe8 21.
f4 Rxe5 22. fxe5 Re8 23. Nxc4 Nxc4 24. bxc4 Rxe5 25. d3 Re1+ 26. Kf2 Rd1 27. Ke2
Rg1 28. Kf2 Rd1 29. Ke2 1/2-1/2

[Event "Gibraltar Masters"]
[Site "Caleta ENG"]
[Date "2011.01.25"]
[Round "1.24"]
[White "Andersson, Ulf"]
[Black "Zaremba, Andrie"]
[Result "1-0"]
[WhiteTitle "GM"]
[BlackTitle "FM"]
[WhiteElo "2579"]
[BlackElo "2339"]
[WhiteFideId "1700014"]
[BlackFideId "2014513"]
[EventDate "2011.01.25"]

1. Nf3 d5 2. d4 Nf6 3. c4 c6 4. cxd5 cxd5 5. Nc3 Nc6 6. Bf4 e6 7. e3 Bd6 8. Bg3
O-O 9. Bd3 a6 10. Rc1 Qe7 11. Ne5 Bxe5 12. dxe5 Nd7 13. f4 f6 14. exf6 Nxf6 15.
O-O Kh8 16. e4 d4 17. e5 dxc3 18. exf6 Qxf6 19. Rxc3 Ne7 20. Be4 Nd5 21. Bxd5
exd5 22. Bf2 Bf5 23. Bd4 Qe6 24. Be5 Rf7 25. Qd4 h6 26. Rfc1 Kh7 27. h3 Be4 28.
Kh2 g5 29. Rc7 Rf8 30. Qb4 Kg8 31. Qxb7 gxf4 32. Rxf7 Rxf7 33. Rc8+ Kh7 34. Qb8
Bxg2 35. Kxg2 Qg6+ 36. Kf1 Qd3+ 37. Ke1 Kg6 38. Rc3 Qe4+ 39. Kf2 Kf5 40. Bxf4 d4
41. Rf3 1-0

[Event "Gibraltar Masters"]
[Site "Caleta ENG"]
[Date "2011.01.25"]
[Round "1.25"]
[White "Getz, Nicolai"]
[Black "Mikhalevski, Victor"]
[Result "1/2-1/2"]
[WhiteTitle "FM"]
[BlackTitle "GM"]
[WhiteElo "2334"]
[BlackElo "2579"]
[WhiteFideId "1505572"]
[BlackFideId "2801914"]
[EventDate "2011.01.25"]

1. e4 e5 2. Nf3 Nc6 3. Bb5 Nf6 4. O-O Nxe4 5. d4 Nd6 6. dxe5 Nxb5 7. a4 d6 8. e6
fxe6 9. axb5 Nb4 10. Re1 Be7 11. c3 Nd5 12. Nd4 e5 13. Qb3 Nf6 14. Ne6 Bxe6 15.
Qxe6 Qd7 16. Qb3 Bd8 17. Nd2 Qf7 18. f4 Nd7 19. Qxf7+ Kxf7 20. Nc4 Bf6 21. fxe5
Nxe5 22. Nxe5+ Bxe5 23. Be3 a6 24. bxa6 Rxa6 25. Rxa6 bxa6 26. Ra1 Rb8 27. Bc1
Ke6 28. Kf2 Rf8+ 29. Kg1 Rb8 30. Kf2 Rb6 31. h3 Kd5 32. Ra4 c5 33. Kf3 c4 34.
Ra5+ Ke6 35. Ke4 h5 36. g4 hxg4 37. hxg4 g6 38. Kf3 Bf6 39. Ke4 Be5 40. Kf3 d5
41. Be3 Rc6 42. Ra1 Kd7 43. Rd1 Rf6+ 44. Ke2 Kc6 45. Rh1 Rf7 46. Rh6 Rg7 47. Kd2
Bd6 48. Kc2 Re7 49. Bd4 Re6 50. Rh8 a5 51. Rg8 Kb5 52. Rg7 Bf4 53. Rb7+ Kc6 54.
Rb6+ Kd7 55. Rb5 Re1 56. b3 Re2+ 57. Kb1 cxb3 58. Rxd5+ Ke6 59. Rxa5 Rg2 60.
Ra6+ Kd5 61. Rxg6 Bd6 62. c4+ Kxd4 63. Rxd6+ Kc3 64. Rd1 Rb2+ 65. Ka1 Ra2+ 66.
Kb1 Rb2+ 67. Ka1 1/2-1/2

[Event "Gibraltar Masters"]
[Site "Caleta ENG"]
[Date "2011.01.25"]
[Round "1.26"]
[White "Kulaots, Kaido"]
[Black "Kolbus, Dietmar"]
[Result "1-0"]
[WhiteTitle "GM"]
[BlackTitle "IM"]
[WhiteElo "2577"]
[BlackElo "2332"]
[WhiteFideId "4500261"]
[BlackFideId "4610628"]
[EventDate "2011.01.25"]

1. e4 c6 2. d4 d5 3. Nc3 g6 4. f3 Bg7 5. Be3 Nf6 6. e5 Nfd7 7. f4 Nb6 8. b3 h5
9. Be2 a5 10. a4 Na6 11. g3 Bf5 12. Bf3 Nb4 13. Rc1 Nd7 14. h3 Nf8 15. Kf1 Qd7
16. Rh2 Be6 17. Kg2 f5 18. Be2 Bf7 19. Nf3 Ne6 20. Qd2 Nc7 21. Rhh1 Ne6 22. Nd1
Nc7 23. Nf2 Ne6 24. c3 Na6 25. Nh4 Nf8 26. Nd3 Ne6 27. Ra1 Nac7 28. Rhb1 Qc8 29.
Qd1 Nf8 30. Qc1 Nfe6 31. Qb2 Nd8 32. Bc1 Nce6 33. Be3 Nc7 34. Rc1 Nce6 35. Qd2
Nc7 36. Rab1 Nce6 37. Qe1 Nc7 38. Qf2 Nce6 39. Rh1 Nf8 40. Rbc1 Nde6 41. Ne1 Qd7
42. Nef3 Bh6 43. Bd3 Nc7 44. Qc2 Nfe6 45. Kf2 Rg8 46. Qd2 Bf8 47. Rhg1 Rh8 48.
Rg2 Nd8 49. Rcg1 e6 50. Rb1 Be7 51. Rgg1 Na6 52. Rgc1 Kf8 53. Qe1 Be8 54. Kf1
Bf7 55. Rc2 Qc7 56. b4 axb4 57. cxb4 Qd7 58. a5 Nc7 59. Rbc1 Kg7 60. Bd2 Qe8 61.
Qe2 Rh7 62. Ng5 Rh8 63. Rb1 Qd7 64. Rbc1 Qe8 65. Nhf3 Kf8 66. Kg2 Kg8 67. Qe1
Qf8 68. b5 Nxb5 69. Bxb5 cxb5 70. Rc8 Rxc8 71. Rxc8 b4 72. Qc1 Qe8 73. Qc7 Kg7
74. Nxf7 Qxf7 75. Qb6 Kh6 76. Rc7 Re8 77. Ng5 Qg8 78. Bxb4 Bxb4 79. Qxb4 h4 80.
g4 fxg4 81. hxg4 Rf8 82. Qxf8+ 1-0